A Song of Fire and Ice Characters: Pick me Five Quiz Stats

 Plays Quiz not verified by Sporcle

Challenge
Share
Tweet
Embed
Score 0/35 Timer 10:00
0 Plays Today
% Correct
Thoros of Myr
95.8%
Lem Lemoncloak
94.3%
Luwin
92.2%
Pycelle
92%
Cressen
90.7%
Meryn Trant
90.5%
Grenn
90.5%
Anguy
88%
Pypar
87.8%
Benjen Stark
87.1%
Brienne of Tarth
86.3%
Gendry
84.6%
Gerold Hightower
84.6%
Jacelyn Bywater
83.8%
Frenken
82.9%
Small Paul
78.7%
Tybald
78.1%
Jon Connington
77%
% Correct
Harry Strickland
76.2%
Harwin
75.7%
Osfryd Kettleblack
75.7%
Lewyn Martell
72.2%
Addam Marbrand
71.7%
Rast
70.9%
Emmon Cuy
70.5%
Oswell Whent
69%
Rolly Duckfield
67.9%
Robar Royce
66.2%
Bryce Caron
63.9%
Guyard Morrigen
61.2%
Franklyn Flowers
61%
Jonothor Darry
58%
Humfrey Waters
52.7%
Allar Deem
51.1%
Myles Toyne
49.2%

You're not logged in!

Compare scores with friends on all Sporcle quizzes.
OR
Log In

You Might Also Like...

Show Comments

Extras

Top Quizzes Today


Score Distribution

Your Account Isn't Verified!

In order to create a playlist on Sporcle, you need to verify the email address you used during registration. Go to your Sporcle Settings to finish the process.

Report this User

Report this user for behavior that violates our Community Guidelines.

Details: